| 000 | 00455nam a2200169Ia 4500 | ||
|---|---|---|---|
| 999 |
_c29114 _d29114 |
||
| 003 | OSt | ||
| 005 | 20250610160711.0 | ||
| 008 | 250310s9999||||xx |||||||||||||| ||und|| | ||
| 040 | _c. | ||
| 082 |
_a621.3 _bT398 |
||
| 100 |
_92829 _aTheraja, B. L. and Theraja, A. K. |
||
| 245 | 0 |
_aElectrical Technology Vol. 2 / _cB. L. Theraja and A. K. Theraja |
|
| 250 | _a21st ed. | ||
| 260 |
_aNew Delhi : _btechouse, _c1987. |
||
| 300 | _a1144 p. | ||
| 942 |
_cBK _2ddc |
||